• 首页
  • 本馆介绍
  • 公告通知
  • 最新文献
  • 馆藏检索
  • 电子资源
  • 读者导购
  • 参考咨询
  • 我的图书馆
  • 登录
  • 详细信息显示
  • 放入我的书架
  • 预约/预借图书
  • 作者相关作品
  • 分类相关作品
  • 丛书相关作品
  • 出版社相关作品

书目信息

  • 表格格式
  • 工作单格式
  • 卡片格式
题名:
企业战略动态能力研究
    
 
作者: 刘东华 著
分册:  
出版信息: 北京   人民出版社  2013
页数: 232页
开本: 21cm
丛书名:
单 册:
中图分类: F272.1
科图分类:
主题词: 企业战略--Qi Ye Zhan Lue--战略管理--研究
电子资源:
ISBN: 978-7-01-012903-7
000 00921nam0 22002411 450
001 349702
005 20161009084831.06
010    @a978-7-01-012903-7@dCNY25.00
100    @a20140207d2013 em y0chiy50 ea
101 0  @achi
102    @aCN@b110000
105    @ay z 000yy
106    @ar
200 1  @a企业战略动态能力研究@AQi Ye Zhan Lue Dong Tai Neng Li Yan Jiu@f刘东华著
210    @a北京@c人民出版社@d2013
215    @a232页@d21cm
300    @a河北经贸大学学术文库
330    @a本书提出了企业战略三个模型:重建了企业重要环境因素识别模型,提升战略动态分析能力;构造了利益相关者识别模型,对利益相关者的关系进行动态平衡,提升战略动态决策能力;创建了类生物组织学习动态能力模型,以提高战略执行阶段的企业动态执行力。
606 0  @a企业战略@AQi Ye Zhan Lue@x战略管理@x研究
690    @aF272.1@v5
701  0 @a刘东华@ALiu Dong Hua@f(1971~)@4著
801  0 @aCN@bTANGWEI@20160730
905    @b0886335-9@dF272.1@e1265@f5
    
    企业战略动态能力研究/刘东华著.-北京:人民出版社,2013
    232页;21cm
    河北经贸大学学术文库
    
    ISBN 978-7-01-012903-7:CNY25.00
    本书提出了企业战略三个模型:重建了企业重要环境因素识别模型,提升战略动态分析能力;构造了利益相关者识别模型,对利益相关者的关系进行动态平衡,提升战略动态决策能力;创建了类生物组织学习动态能力模型,以提高战略执行阶段的企业动态执行力。
●
相关链接 在E读中查询图书 在五车中查询图书 在当当中查询图书 在豆瓣中查询图书


正题名:企业战略动态能力研究     索取号:F272.1/1265         预约/预借

序号 登录号 条形码 馆藏地/架位号 状态 备注
1 0886335   208863354   第一样本阅览室/ [索取号:F272.1/1265] 在馆    
2 0886336   208863363   第一借阅区/ [索取号:F272.1/1265] 在馆    
3 0886337   208863372   第一借阅区/ [索取号:F272.1/1265] 在馆    
4 0886338   208863381   密集书库-海洋学院/ [索取号:F272.1/1265] 在馆    
5 0886339   208863390   第一借阅区/ [索取号:F272.1/1265] 在馆    
唐山师范学院图书馆 欢迎您!
大连网信软件有限公司© 版权所有